Normale Ansicht MARC-Ansicht ISBD

Moj test' Leonid Il'ič Brežnev (Titelsatznr. 19653)

[ MARC ]
MARC-Details
000 -Satzkennung
Kontrollfeld mit fester Länge 00413nam a22001691c 4500
001 - Kontrollnummer
Kontrollfeld a987659178
008 - Feld mit fester Länge zur physischen Beschreibung - Allgemeine Angaben
Kontrollfeld mit fester Länge 071109s2007 gw |||| 000u rus d
041 ## - Sprachcode
Sprachcode des Textes/der Tonspur oder des separaten Titels rus
040 ## - Katalogisierungsquelle
Übertragungsstelle RU-10907106
003 - Kontrollnummer Identifier
Kontrollfeld RU-10907106
100 1# - Haupteintragung - Personenname
Personenname Čurbanov, Jurij M.
245 00 - Titel
Titel Moj test' Leonid Il'ič Brežnev
264 ## - Produktion, Veröffentlichung, Distribution, Herstellung und Urheberrechtsvermerk
Herstellungs-, Veröffentlichungs- Vertriebs-, Erzeugungsort Moskva :
Produzent, Herausgeber, Distributor, Hersteller Algoritm,
Datum der Herstellung, der Veröffentlichung, des Vertriebs oder des Urheberschutzvermerks 2007
300 ## - Physische Beschreibung
Umfang 255 S.
490 #0 - Gesamttitelangabe
Gesamttitelangabe Političeskij bestseller
942 ## - Zusätzliche Felder (Koha)
Koha-Medientyp Monographien
Exemplare
Ausgeschieden Verloren Klassifikation oder Aufstellungssystematik Beschädigt Nicht entleihbar Heimatbibliothek Aufenthaltsbibliothek Aufstellungsort Erwerbungsdatum Inventarnummer Signatur Barcode Letzte Aktivität Preis gültig von Koha-Medientyp
    Andere/Generische Klassifikation     MWN Osteuropa MWN Osteuropa Magazin - 2 09/11/2007 07-05690 R 64 ad Bre 10 E0040150790EF090 23/02/2021 22/03/2021 Monographien